Distributed Systems: Concept & Design (Record no. 23273)

000 -LEADER
fixed length control field 00699nam a22002297a 4500
003 - CONTROL NUMBER IDENTIFIER
control field NUST
005 - DATE AND TIME OF LATEST TRANSACTION
control field 20190925163531.0
008 - FIXED-LENGTH DATA ELEMENTS--GENERAL INFORMATION
fixed length control field 140409b xxu||||| |||| 00| 0 eng d
020 ## - INTERNATIONAL STANDARD BOOK NUMBER
International Standard Book Number 8178084627
Terms of availability Available
038 ## - RECORD CONTENT LICENSOR
Staff Name Nusrat Nadeem
040 ## - CATALOGING SOURCE
Original cataloging agency DLC
Language of cataloging DLC
Transcribing agency RCMS
082 ## - DEWEY DECIMAL CLASSIFICATION NUMBER
Author Mark 000015
Edition number 3rd,ed.
Classification number 004.362COU
100 ## - MAIN ENTRY--PERSONAL NAME
Personal name Coulouris, george & jean Dollimore & Tim Kindberg
9 (RLIN) 5354
245 ## - TITLE STATEMENT
Title Distributed Systems: Concept & Design
Statement of responsibility, etc. Coulouris, George
250 ## - EDITION STATEMENT
Edition statement 3rd Ed
260 ## - PUBLICATION, DISTRIBUTION, ETC.
Place of publication, distribution, etc. India
Name of publisher, distributor, etc. Pearson Education
Date of publication, distribution, etc. c,2004
300 ## - PHYSICAL DESCRIPTION
Extent xiii,772,p:
Other physical details Pb:
Dimensions 22,cm
538 ## - SYSTEM DETAILS NOTE
Display text Supercomputing Lab
600 ## - SUBJECT ADDED ENTRY--PERSONAL NAME
General subdivision Distributed Systems
9 (RLIN) 21442
856 ## - ELECTRONIC LOCATION AND ACCESS
Materials specified Table of Content Only
942 ## - ADDED ENTRY ELEMENTS (KOHA)
Koha item type Book
Source of classification or shelving scheme
Holdings
Withdrawn status Lost status Source of classification or shelving scheme Damaged status Not for loan Permanent Location Current Location Shelving location Date acquired Full call number Barcode Date last seen Price effective from Koha item type Total Checkouts
          NUST Baluchistan Campus (NBC) NUST Baluchistan Campus (NBC) General Stacks 03/07/2013 004.3621COU RCMS000015 03/07/2013 03/07/2013 Book  
          School of Interdisciplinary Engineering and Sciences (SINES) School of Interdisciplinary Engineering and Sciences (SINES) General Stacks 09/12/2014 004.3621COU RCMS002566 09/12/2014 09/12/2014 Book  
© 2023 Central Library, National University of Sciences and Technology. All Rights Reserved.